000 00549nam a22002057a 4500
003 OSt
005 20140310182214.0
008 130906t xxu||||| |||| 00| 0 eng d
020 _a1856277364
050 _aTX 801
_b.V561 1995
082 _aHS 641.65
_bF312 1995
245 _aVersatile vegetables /
260 _aLondon :
_bGrange Books,
_cc1995.
300 _a124 p. :
_bcol. ill. ;
_c28 cm.
500 _aIncludes index.
650 _aCookey.
_916949
650 _aVegetables (recipes)
_916950
942 _2lcc
_cHS
999 _c10554
_d10554